| 000 | 02446nam2a22004331 4500 | ||
|---|---|---|---|
| 001 | v19\rc\1827728 | ||
| 005 | 20250619135306.0 | ||
| 035 | _a(NLR Aleph) 004924108 | ||
| 090 |
_a5609570 _c5609570 |
||
| 100 | _a20071224d1910 |||y0rusy50 ca | ||
| 101 | 0 | _arus | |
| 102 | _aRU | ||
| 105 | _ay z ||||| | ||
| 135 | _acrmn mmmanaba | ||
| 200 | 0 |
_a... [на 1910 г. _e3-й год изд.] |
|
| 210 |
_aАстрахань _cтип. "Астрахан. листка" _d1910 |
||
| 215 | _a432 с. | ||
| 316 |
_aЭкз. РНБ (38.1.8.20): деф.: отсутствует тит. л. _5NLR: 38.1.8.20 |
||
| 325 | _aКопия доступна в Электрон. б-ке РНБ | ||
| 327 | 0 | _aВ прил.: Бакинская губ.: (Краткий геогр. очерк). Нефтяное дело. Каспийское море: (Очерк). Апшеронский полуостров: (Легендарное сказание). Кавказские минеральные воды | |
| 461 | 0 |
_1001v19\rc\1827726 _12001#$a"Бакинский спутник"...$fИзд. А.Я. Пинес$v... [на 1910 г. _95609552 _cБаку _d1908-1914 _fИзд. А.Я. Пинес _nтип. Шнейдерова _t"Бакинский спутник"... _v... [на 1910 г. |
|
| 464 | 0 |
_12001#$aБакинская губерния$eКраткий геогр. очерк _tБакинская губерния |
|
| 464 | 0 |
_12001#$aНефтяное дело _tНефтяное дело |
|
| 464 | 0 |
_12001#$aКаспийское море$eОчерк _tКаспийское море |
|
| 464 | 0 |
_12001#$aАпшеронский полуостров$eЛегендарное сказание _tАпшеронский полуостров |
|
| 464 | 0 |
_12001#$aКавказские минеральные воды _tКавказские минеральные воды |
|
| 801 | 0 |
_aRU _bNLR _gpsbo |
|
| 801 | 0 |
_aRU _bRuMoRGB _2psbo |
|
| 801 | 1 |
_aRU _bProSoft-M _2rusmarc |
|
| 852 |
_aNLR _j38.1.8.20 |
||
| 899 |
_aRuMoRGB (1908-1914*) _jU 63/227 |
||
| 899 | _aБАН (1908-1914*) | ||
| 942 | _cBOOK | ||
| 980 | _aNB | ||
| 981 | 4 | 4 | _a(44) Оцифровано по рекомендациям читателей |
| 981 | 2 | 2 |
_a(22) Материалы по истории России _b(22) Материалы по отдельным регионам |